000 01029nam a22002897a 4500
999 _c13232
_d13232
003 MIRAKIL
005 20211214000614.0
008 190510b tu ||||| |||| 00| 0 tur d
020 _a9756857641
040 _aTR-AnCHP
_cTR-AnCHP
041 _atur
082 _a956.102
_bT34c 2004
100 _aTekeli, İlhan
245 1 0 _aCumhuriyetin harcı :
_bModernitenin altyapısı oluşurken /
_cİlhan Tekeli, Selim İlkin.
246 _aModernitenin altyapısı oluşurken
260 _aİstanbul :
_bİstanbul Bilgi Üniversitesi yayınları ,
_c2004.
300 _ac <3> xxvıı, 503 s.:
_bfotğ.;
_c23 sm.
490 0 _aİstanbul Bilgi Üniversitesi yayınları ;
_aSiyaset Bilimi ;
_v73.
_v14.
504 _aKaynakça ve dizin vardır.
650 0 _94
_aTürkiye
_xTarih
_y20 yy.
650 0 _aSiyaset ve yönetim
_xTürkiye
_99
650 0 _94
_aTürkiye
_xModernlik, (ekonomik politika)
_y20 yy.
700 _95731
_aİlkin, Selim
740 _aModernitenin altyapısı oluşurken
942 _2ddc
_cBKS
999 _d13231